00457nam a2200181Ia 4500008004100000020001400041050001400055100002000069245003700089245005000126260001500176260001600191260000900207300001400216300002700230300001000257500000800267170918s9999 xx 000 0 und d a590559044 bA237 1990 aAdler, David A. 2aA picture book of Helen Keller / cDavid A. Adler ; illustrated by John Wallner. aNew York : bScholastic, c1990 aunpaged : bcolored illustration ; c20cm. a450